Chap 6: Courant de la pensé économique contemporaine - Statistiques

Statistiques générales
  • Ce quiz a été pris 10 fois
  • Le résultat moyen est 10 sur 14
Statistiques - réponses
Question Réponse % Correct
Quel économiste est associé à la révolution keynésienne, et quelle idée clé a-t-il introduite dans la pensée économique ? John Maynard Keynes, l'intervention publique en cas de crise
100%
Quels sont les apports majeurs de la révolution schumpétérienne dans la pensée économique ? La dynamique du capitalisme, l'innovation, la classe dynamique des entrepreneurs-innovateurs
100%
Quel concept clé est associé au multiplicateur keynésien, et en quoi consiste-t-il ? Le multiplicateur, qui génère plusieurs flux successifs d'investissement, de production et de revenu
100%
Quel économiste est connu pour avoir formulé la théorie générale de l'emploi, de l'intérêt et de la monnaie en 1936 ? John Maynard Keynes
86%
Qu'est-ce que la révolution néoclassique a introduit dans la théorie économique et quel concept clé l'a caractérisée ? Le marginalisme, la loi des rendements décroissants
86%
Quelle approche de la politique conjoncturelle est associée à J.M. Keynes dans la révolution keynésienne ? Politique budgétaire expansionniste
86%
Qu'est-ce que le New Deal, mentionné dans le contexte de la révolution keynésienne ? Une politique budgétaire expansionniste mise en œuvre aux États-Unis dans les années 1930
86%
Qui sont les économistes marginalistes associés à l'école anglaise, autrichienne et suisse de la révolution néoclassique ? W.S Jevons, A. Marshall, C. Menger
86%
Quelle est la principale critique du multiplicateur keynésien ? Épuisement rapide de l'effet
57%
Comment Schumpeter caractérise-t-il les entrepreneurs-innovateurs dans la révolution schumpétérienne ? Exceptionnels, aventuriers, joueurs
57%
Qu'est-ce qui distingue la théorie keynésienne de la résolution des crises majeures des approches néoclassiques antérieures ? Le rejet de la loi de Say et l'importance du chômage involontaire
57%
Qu'est-ce qui caractérise la microéconomie néoclassique en termes de comportement des agents économiques ? Les agents sont rationnels avec une information parfaite.
57%
Quelle est l'origine de la révolution néoclassique, et quel concept clé découle de la loi des rendements décroissants ? Origine dans la rationalité des agents économiques, concept de la rente marginale décroissante
43%
Quelle approche scientifique systématique des phénomènes économiques a été introduite par la révolution néoclassique, et comment est définie la science économique selon Robbins ? L'approche historique, science des choix dans un contexte de rareté
14%
Aucun quiz correspondant
Distribution des résultats
% des personnes avec chaque résultat
Percentile par nombre de réponses
Votre historique - résultats
Vous n’avez pas pris ce quiz